| 000 | 00678nam a2200229u 4500 | ||
|---|---|---|---|
| 001 | 8525306 | ||
| 003 | OSt | ||
| 005 | 20240102164827.0 | ||
| 008 | 860227t19691968ke b 000 0 fre | ||
| 010 | _a 72980297 | ||
| 020 | _a9789966481146 | ||
| 040 |
_aDLC _cCarP _dDLC |
||
| 050 | 0 | 0 |
_aBS325 _b.L86 1976 |
| 130 |
_aBible. Luo, 1976. _955782 |
||
| 245 | 1 | 0 | _aMuma Maler mar Nyasaye, moting'o Muma Machon kod Muma Manyien. |
| 260 |
_aNairobi : _bBible Society of Kenya, _c1976. |
||
| 300 |
_a846, [274] p. _bmaps. _c20 cm. |
||
| 500 | _a[Africana] | ||
| 650 |
_aLuo language _vTexts. _955783 |
||
| 906 |
_a0 _bcbc _cpremunv _du _encip _f19 _gy-gencatlg |
||
| 942 |
_2lcc _cAFR(R) |
||
| 999 |
_c67803 _d67777 |
||